000 00971cam a2200277Ia 4500
005 20260322212024.0
008 data
020 _a0840715420 (pbk)
020 _a9780840715425 (pbk)
040 _aCXP
_cCXP
_dSYB
_dVET
_dBAKER
_dSYB
050 1 4 _aBL624.5
_b.B52 1990
050 4 _aBT736.4
_b.S47 1990
082 0 4 _a220.5208
_bH372s
_220
092 _a220.52 H4641990
130 0 _aBible.
_lEnglish.
_sNew King James.
_kSelections.
245 1 0 _aSerenity :
_ba companion for twelve step recovery, complete with New Testament, Psalms & Proverbs /
_cRobert Hemfelt & Richard Fowler.
260 _aNashville, [Tenn.] :
_bT. Nelson,
_cc1990.
300 _a558 p. ;
_c17 cm.
541 _3Eisenhower copy:
_5MdBJ.
650 0 _aTwelve-step programs
_xChristianity.
_xChristianity.
650 2 _aChristianity.
650 2 _aRehabilitation
_xpsychology.
700 1 _aHemfelt, Robert.
700 1 _aFowler, Richard.
001 data
999 _c551
_d551